000 01086nam0a2200301 4500
001 RU\NLR\BIBL_A\012800776
005 20250624162952.0
010 _95000
035 _a(NLR Aleph) 012800776
090 _a13309524
_c13309524
100 _a20220526d1956 |||y0rusy50 ca
101 1 _alav
_crus
102 _aLV
105 _ac z 000 y
181 0 _ai
_baxxe
182 0 _an
200 1 _aLirika
_e[Ceļš līdz dzejai : autobiogrāfisks apcerējums]
_fS. Ščipačovs
203 _aТекст
_bвизуальный
_cнепосредственный
210 _aRīga
_cLatvijas valsts izdevniecība
_d1956
215 _a130, [1] с., [1] л. портр.
_d14
541 1 _6z01790
_aЛирика
_e[Дорога к поэзии: автобиографическое размышление]
_zrus
686 1 _aШ5(2=Р)-335
700 1 _aŠčipačjovs
_bS.P.
_f1899-1980
_gStepan Petrovič
_4070
790 1 _6z01541
_aЩипачев
_bС.П.
_f1899-1980
_gСтепан Петрович
_4070
852 _aNLR
_bОНЛ
_jЛатыш./1-382
942 _cBOOK
980 _aNB